000 00711cam a22002293a 4500
001 13353
003 PGUSA
005 20140828083304.0
008 040902s2004||||xxu|||||s|||||000 | eng d
040 _aPGUSA
_beng
042 _adc
050 4 _aBS
100 1 _aSmith, George Adam,
_d1856-1942
245 1 0 _aFour Psalms XXIII. XXXVI. LII. CXXI. :
_bInterpreted for practical use
_h[electronic resource] /
_cGeorge Adam Smith
260 _bProject Gutenberg,
_c2004
506 _aPublic domain in the USA.
516 _aElectronic text
653 _aBible. Psalms -- Criticism, interpretation, etc.
830 0 _aProject Gutenberg
_v13353
856 4 0 _uhttp://www.gutenberg.org/ebooks/13353
942 _cEB
999 _c242608
_d242608